Statistics for Billboard Hot 100 Top 100 Songs of May 14, 2016

Click here to take the quiz!

General Stats

  • This quiz has been taken 13 times
  • The average score is 26 of 117

Answer Stats

Chart PositionArtistAlbumSong% Correct
#11 (DEBUT)BeyonceLemonadeSorry
92%
#31 (-10)Justin BieberPurposeSorry
92%
#6 (-2)Rihanna ft. DrakeAntiWork
92%
#4 (+13)Prince & The RevolutionPurple RainPurple Rain
83%
#3 (-1)Lukas GrahamLukas Graham (Blue Edition)7 Years
75%
#1 (=)DesiignerNon-Album SinglePanda
75%
#9 (-1)ZAYNMind Of MinePiLlOwT4lK
75%
#7 (-1)Fifth Harmony ft. Ty Dolla $ign7/27Work From Home
75%
#54 (-7)Sia ft. Sean PaulThis Is ActingCheap Thrills
67%
#21 (-6)Ariana GrandeDangerous WomanDangerous Woman
67%
#16 (-3)twenty one pilotsBlurryfaceStressed Out
67%
#27 (+14)Prince19991999
58%
#50 (-13)Bryson TillerT R A P S O U LDon't
58%
#14 (=)The Chainsmokers ft. DayaNon-Album SingleDon't Let Me Down
58%
#19 (-7)Flo RidaMy HouseMy House
58%
#12 (-5)Meghan TrainorThank YouNo
58%
#2 (+1)Drake ft. WizKid & KylaViewsOne Dance
58%
#24 (-13)DNCESWAAYCake By The Ocean
50%
#36 (-10)Nick Jonas ft. Tove LoLast Year Was ComplicatedClose
50%
FALLOFF (#36)Adele25Hello
50%
#15 (-6)Justin BieberPurposeLove Yourself
50%
#17 (-7)G-Eazy ft. Bebe RexhaWhen It's Dark OutMe, Myself & I
50%
#46 (-19)Charlie PuthNine Track MindOne Call Away
50%
#5 (=)Mike PosnerAt Night. Alone.I Took A Pill In Ibiza
42%
#42 (-11)James BayChaos & The CalmLet It Go
42%
#55 (-5)Ruth BThe IntroLost Boy
42%
#45 (-15)Shawn MendesHandwrittenStitches
42%
#13 (DEBUT)BeyonceLemonadeHold Up
33%
#75 (-27)P!nkAlice Through the Looking GlassJust Like Fire
33%
#26 (-10)Zara Larsson & MNEKNon-Album SingleNever Forget You
33%
#30 (-8)JeremihLate Nights: The Albumoui
33%
#48 (-15)The Chainsmokers ft. ROZESBouquetRoses
33%
#8 (+12)PrincePurple RainWhen Doves Cry
33%
#91 (-33)Justin BieberPurposeCompany
25%
#44 (-12)Bryson TillerT R A P S O U LExchange
25%
FALLOFF (#94)Alan WalkerNon-Album SingleFaded
25%
#10 (DEBUT)BeyonceLemonadeFormation
25%
FALLOFF (#35)Selena GomezRevivalHands To Myself
25%
#96 (-3)gnash ft. Olivia O'Brienusi hate u, i love u
25%
#23 (+5)Prince & The RevolutionParadeKiss
25%
#25 (+14)Prince & The RevolutionPurple RainLet's Go Crazy
25%
#34 (-10)DJ Snake ft. Bipolar SunshineNon-Album SingleMiddle
25%
#22 (+1)RihannaAntiNeeded Me
25%
#40 (-15)Drake ft. The ThroneViewsPop Style
25%
FALLOFF (#97)Kanye West ft. DesiignerThe Life Of PabloPt. 2
25%
#66 (+8)twenty one pilotsBlurryfaceRide
25%
FALLOFF (#48)The WeekndBeauty Behind The MadnessThe Hills
25%
FALLOFF (#95)Grace ft. G-EazyMemoYou Don't Own Me
25%
#32 (-13)Kevin GatesIslah2 Phones
17%
#18 (DEBUT)Beyonce ft. The WeekndLemonade6 Inch
17%
#38 (DEBUT)BeyonceLemonadeAll Night
17%
#28 (DEBUT)Beyonce ft. Jack WhiteLemonadeDon't Hurt Yourself
17%
FALLOFF (#100)Jonas Blue ft. DakotaNow That's What I Call Music! 93Fast Car
17%
#63 (DEBUT)Beyonce ft. James BlakeLemonadeForward
17%
#35 (DEBUT)Beyonce ft. Kendrick LamarLemonadeFreedom
17%
#49 (-15)Drake & FutureWhat A Time To Be AliveJumpman
17%
#67 (+3)RihannaAntiKiss It Better
17%
FALLOFF (#99)Ariana Grande ft. Lil WayneDangerous WomanLet Me Love You
17%
#29 (-11)Future ft. The WeekndEvolLow Life
17%
#93 (-11)Kelly ClarksonPiece By PiecePiece By Piece
17%
#76 (-8)Kevin GatesIslahReally Really
17%
#58 (-9)Troye SivanBlue NeighbourhoodYouth
17%
#41 (DEBUT)BeyonceLemonadeDaddy Lessons
8%
#83 (-21)Kanye West ft. Rihanna & Swizz BeatzThe Life Of PabloFamous
8%
#53 (-9)Tim McGrawDamn Country MusicHumble and Kind
8%
#39 (Re-Entry)Prince & The RevolutionPurple RainI Would Die 4 U
8%
#95 (-9)Yo Gotti ft. E-40The Art Of HustleLaw
8%
#47 (DEBUT)BeyonceLemonadeLove Drought
8%
#64 (-3)Maren MorrisHeroMy Church
8%
FALLOFF (#78)Taylor Swift1989New Romantics
8%
#37 (DEBUT)BeyonceLemonadePray You Catch Me
8%
#33 (Re-Entry)Prince & The RevolutionAround the World in a DayRaspberry Beret
8%
#80 (-7)FuturePurple ReignWicked
8%
#92 (-17)The WeekndBeauty Behind The MadnessAcquainted
0%
FALLOFF (#88)Chase BryantChase BryantA Little Bit Of You
0%
#68 (-3)Fat Joe ft. Remy MaPlata O PlamoAll The Way Up
0%
#70 (-13)Chris BrownRoyaltyBack To Sleep
0%
#86 (-9)Dreezy ft. JeremihNon-Album SingleBody
0%
#61 (-8)Blake SheltonIf I'm HonestCame Here To Forget
0%
#81 (-25)Florida Georgia LineAnything GoesConfession
0%
#56 (-13)O.T. Genasis ft. Young DolphRhythm & BricksCut It
0%
FALLOFF (#40)Yo Gotti ft. Nicki MinajThe Art Of HustleDown In The DM
0%
#82 (-18)Kanye West ft. Kid CudiThe Life Of PabloFather Stretch My Hands, Pt 1
0%
#94 (DEBUT)Post MaloneNon-Album SingleGo Flex
0%
#89 (-10)Jon PardiCalifornia SunriseHead Over Boots
0%
#65 (-5)Luke BryanKill The LightsHuntin', Fishin' and Lovin' Every Day
0%
#87 (-3)Jason DeruloNon-Album SingleIf It Ain't Love
0%
#78 (-19)Rascal FlattsRewindI Like The Sound Of That
0%
FALLOFF (#98)Fetty WapNon-Album SingleJimmy Choo
0%
#88 (-12)Major Lazer ft. Nyla & Fuse ODGPeace Is The Mission ExtendedLight It Up
0%
#98 (-8)Jason AldeanNon-Album SingleLights Come On
0%
#20 (+9)Prince1999Little Red Corvette
0%
FALLOFF (#92)DJ Luke NastyNon-Album SingleMight Be
0%
#79 (-8)Belly ft. The WeekndUp For DaysMight Not
0%
#69 (=)Dustin LynchWhere It's AtMind Reader
0%
#97 (-12)Young GreatnessNon-Album SingleMoolah
0%
#71 (+1)Flume ft. KaiSkinNever Be Like You
0%
#90 (Re-Entry)A$AP Ferg ft. FutureAlways Strive & ProsperNew Level
0%
FALLOFF (#96)Kenny ChesneySome Town SomewhereNoise
0%
FALLOFF (#89)The LumineersCleopatraOphelia
0%
#77 (-14)Kid Ink ft. Fetty WapSummer In The WinterPromise
0%
#100 (Re-Entry)Eric ChurchMr MisunderstoodRecord Year
0%
#43 (DEBUT)BeyonceLemonadeSandcastles
0%
FALLOFF (#87)Ty Dolla $ign ft. E-40Free TCSaved
0%
#60 (-9)Old DominionMeat & CandySnapback
0%
#51 (-13)Dierks BentleyBlackSomewhere On A Beach
0%
#73 (-7)DrakeNon-Album SingleSummer Sixteen
0%
#74 (-7)Iggy AzaleaDigital DistortionTeam
0%
#99 (-18)Lee BriceI Don't DanceThat Don't Sound Like You
0%
#59 (-13)DisturbedImmortalizedThe Sound Of Silence
0%
#52 (-7)Chris Young Duet With Cassadee PopeI'm Comin' OverThink Of You
0%
#62 (-6)Thomas RhettTangled UpT-Shirt
0%
#85 (-5)MadeInTYONon-Album SingleUber Everywhere
0%
#84 (DEBUT)Fetty WapNon-Album SingleWake Up
0%
FALLOFF (#91)Keith UrbanRipcordWasted Time
0%
#57 (-5)Alessia CaraKnow-It-AllWild Things
0%
#72 (-17)Cole SwindellYou Should Be HereYou Should Be Here
0%

Score Distribution

Percentile by Number Answered

Percent of People with Each Score

Your Score History

You have not taken this quiz